[Event "Invitation"]
[Site "http://www.queenalice.com/game.php?id=504677"]
[Date "2008.12.8"]
[Round "-"]
[White "Tachin"]
[Black "chessito"]
[Result "0-1"]
[WhiteElo "1175"]
[BlackElo "1638"]

1. b4 e5 2. Nc3 Bxb4 3. e4 Nf6 4. Rb1 Nc6 5. Nd5 Ba5 6. f3 a6 7. g4 d6 8. Ba3 b5
9. c3 Be6 10. c4 bxc4 11. Bxc4 Qc8 12. g5 Nh5 13. Bb4 Nxb4 14. Nxb4 Bxc4 15.
Qa4+ Bb5 16. Qxa5 Nf4 17. Rb3 c5 18. Nd5 Nxd5 19. exd5 c4 20. Re3 Qf5 21. a4
Qb1+ 22. Ke2 c3+ 23. axb5 c2 24. Rc3 O-O 25. Qc7 Qxb5+ 26. d3 Rac8 27. Qxc8 Qb1
28. Rxc2 a5 29. Rc1 Qa2+ 30. Ke3 a4 31. Nh3 f6 32. Rb1 Rxc8 33. Rhc1 Rd8 34. Rb7
Qxh2 35. gxf6 Qxh3 36. Rcc7 Qh6+ 37. Ke4 Qxf6 38. Ra7 h5 39. Rxa4 Qh4+ 40. Kf5
Qxa4 41. Kg6 Qe8+ 42. Kg5 Kh7 43. Rc1 g6 44. Kh4 Qe7+ 45. Kg3 Rf8 46. Rf1 Qg5+
47. Kf2 Qd2+ 48. Kg3 Qxd3 49. Rf2 Qd4 0-1

[Event "Challenge"]
[Site "http://www.queenalice.com/game.php?id=505467"]
[Date "2008.12.10"]
[Round "-"]
[White "Tachin"]
[Black "Fernando_cun"]
[Result "0-1"]
[WhiteElo "1100"]
[BlackElo "1559"]

1. e4 b6 2. d3 Nc6 3. c4 Nd4 4. Be3 c5 5. Nc3 e5 6. Rc1 Bd6 7. h4 Nf6 8. h5 h6
9. g4 Rb8 10. g5 hxg5 11. Bxg5 Bb7 12. h6 gxh6 13. Bxh6 Qe7 14. Bg2 Ng8 15. Be3
Rxh1 16. Bxh1 Qh4 0-1

[Event "Challenge"]
[Site "http://www.queenalice.com/game.php?id=509963"]
[Date "2008.12.19"]
[Round "-"]
[White "Tachin"]
[Black "stephancharette"]
[Result "0-1"]
[WhiteElo "1200"]
[BlackElo "1473"]

1. c4 Nc6 2. Nf3 Nf6 3. d3 e5 4. a3 Bc5 5. b4 Bd4 6. Nxd4 Nxd4 7. Be3 Nc6 8. b5
Na5 9. d4 Nxc4 10. Qb3 exd4 11. Bxd4 d5 12. f3 Nd6 13. Nc3 Be6 14. e4 dxe4 15.
fxe4 Bxb3 16. e5 Nfe4 17. Nd5 Bxd5 18. exd6 Nxd6 19. a4 Qh4+ 20. Bf2 Qe4+ 21.
Kd2 Nc4+ 22. Kd1 Nb2+ 23. Kc1 Nxa4 24. Rg1 Qf4+ 25. Kd1 Qxf2 26. Rh1 Qd4+ 0-1

[Event "Challenge"]
[Site "http://www.queenalice.com/game.php?id=541745"]
[Date "2009.2.17"]
[Round "-"]
[White "Tachin"]
[Black "glaulinda"]
[Result "1-0"]
[WhiteElo "1100"]
[BlackElo "1100"]

1. c4 e5 2. Qa4 Qh4 3. g3 Nf6 4. gxh4 Nc6 5. f3 b6 6. e4 h5 7. Nc3 b5 8. Qxb5
Nxe4 9. fxe4 Be7 10. Nd5 Nd8 11. b3 1-0

[Event "Challenge"]
[Site "http://www.queenalice.com/game.php?id=543321"]
[Date "2009.2.20"]
[Round "-"]
[White "Tachin"]
[Black "ichabod"]
[Result "1-0"]
[WhiteElo "1175"]
[BlackElo "1261"]

1. c4 d5 2. b3 g5 3. h4 Bg7 4. d4 dxc4 5. bxc4 Bxd4 6. Bb2 Bxb2 7. Nd2 g4 8. Rb1
Bf6 9. Qa4+ c6 10. Qb3 e5 11. Qe3 Bf5 12. Rxb7 Bxh4 13. Qxe5+ Kf8 14. Qxf5 Nh6
15. Qc5+ Be7 16. Qh5 Qd6 17. c5 Qxc5 18. e4 g3 19. fxg3 Qe3+ 20. Be2 Qxg3+ 21.
Kf1 Rg8 22. Qxh6+ Rg7 23. Rh2 Bc5 24. Qh4 Rg4 25. Bxg4 Qxh4 26. Rxh4 Kg8 27. Bh5
Na6 28. Bxf7+ Kg7 29. Bc4+ Kg6 30. Rhxh7 Rf8+ 31. Ngf3 Nb4 32. Rbg7+ Kf6 33. g4
Nd5 34. exd5 cxd5 35. Bxd5 Re8 36. Ne4+ Rxe4 37. Bxe4 a5 38. Rg6# 1-0

[Event "Challenge"]
[Site "http://www.queenalice.com/game.php?id=548884"]
[Date "2009.3.2"]
[Round "-"]
[White "HENRIQUE_L_AUAD"]
[Black "Tachin"]
[Result "1-0"]
[WhiteElo "1550"]
[BlackElo "1244"]

1. e4 e5 2. Bc4 Nf6 3. d3 h6 4. g4 c6 5. g5 Nh7 6. Qf3 Qa5+ 7. c3 d5 8. b4 Qb6
9. Be3 Qc7 10. exd5 Nxg5 11. Bxg5 hxg5 12. d6 Qxd6 13. Qxf7+ Kd8 14. Nf3 b5 15.
Bb3 a5 16. bxa5 Rxa5 17. Nxg5 Rh6 18. Ne4 Qxd3 19. Qxf8+ Kc7 20. Nbd2 Qd7 21.
Rd1 Qd5 22. Bxd5 cxd5 23. Qxg7+ Bd7 24. Qxh6 dxe4 25. Nxe4 Rxa2 26. Qd6+ Kc8 27.
Rg1 Ra8 28. Qf8+ Kc7 29. Rg8 1-0

[Event "Challenge"]
[Site "http://www.queenalice.com/game.php?id=573867"]
[Date "2009.4.18"]
[Round "-"]
[White "pablonet"]
[Black "Tachin"]
[Result "1-0"]
[WhiteElo "1712"]
[BlackElo "1233"]

1. e4 e5 2. Nf3 Nh6 3. Nxe5 d6 4. Nf3 f5 5. Bd3 Qe7 6. Qe2 fxe4 7. Qxe4 d5 8.
Qxe7+ Bxe7 9. Nc3 c6 10. O-O O-O 11. Be2 b5 12. d4 Bf5 13. Bxh6 gxh6 14. Ne5
Bxc2 15. Bd3 Bxd3 16. Nxd3 Na6 17. Ne2 Bd6 18. Ng3 Rf7 19. Rae1 Raf8 20. Re6 Rd8
21. Rc1 Rc7 22. Nf5 1-0

[Event "Challenge"]
[Site "http://www.queenalice.com/game.php?id=623761"]
[Date "2009.7.24"]
[Round "-"]
[White "Tachin"]
[Black "crubiov"]
[Result "0-1"]
[WhiteElo "1294"]
[BlackElo "2531"]

1. e4 e5 2. d4 exd4 3. Qxd4 Nc6 4. Qa4 Bc5 5. Bc4 Qh4 6. Be3 Bxe3 7. Nh3 d6 8.
Rf1 Bxh3 9. gxh3 Ne7 10. Ke2 Bh6 11. Nd2 Qxh3 12. Nf3 Qh5 13. Rad1 Ng6 14. Kd3
Qxf3# 0-1

[Event "AUTO-INT-1390"]
[Site "http://www.queenalice.com/game.php?id=623920"]
[Date "2009.7.24"]
[Round "1"]
[White "lala"]
[Black "Tachin"]
[Result "0-1"]
[WhiteElo "1513"]
[BlackElo "1233"]

1. d4 d5 2. e3 c6 3. g3 h5 4. h4 Rh6 5. Bg2 e6 6. Ne2 b5 7. O-O f5 8. c3 g5 9.
b4 gxh4 10. gxh4 Qd7 11. Nf4 Nf6 12. a4 Qg7 13. axb5 cxb5 14. Na3 Rh8 15. Nxb5
Rg8 16. Nxh5 Qxg2# 0-1

[Event "AUTO-INT-1390"]
[Site "http://www.queenalice.com/game.php?id=623921"]
[Date "2009.7.24"]
[Round "1"]
[White "Tachin"]
[Black "lala"]
[Result "1-0"]
[WhiteElo "1294"]
[BlackElo "1506"]

1. e4 d5 2. f3 e6 3. exd5 Qxd5 4. c4 Qe5+ 5. Ne2 c5 6. f4 Qe4 7. Nc3 Qxc4 8. b3
Qa6 9. Ng3 Qc6 10. Nge4 g6 11. Bb5 Be7 12. Bxc6+ Nxc6 13. O-O b6 14. a3 Ba6 15.
Re1 Nf6 16. f5 gxf5 17. Ng5 Ng4 18. Nf3 Bd6 19. g3 e5 20. d4 cxd4 21. Nd5 d3 22.
Bg5 e4 23. Nh4 Nd4 24. Nf6+ Kf8 25. Nxg4 Rc8 26. Kf1 1-0

[Event "AUTO-INT-1390"]
[Site "http://www.queenalice.com/game.php?id=623938"]
[Date "2009.7.24"]
[Round "1"]
[White "Tachin"]
[Black "jose_scalise"]
[Result "0-1"]
[WhiteElo "1294"]
[BlackElo "1696"]

1. e4 e5 2. d3 Nf6 3. c4 Bc5 4. Be3 Qe7 5. d4 exd4 6. Bxd4 Qxe4+ 7. Ne2 Bxd4 8.
Qxd4 Qe7 9. h4 Nc6 10. Qc3 d6 11. Nd2 Be6 12. O-O-O d5 13. cxd5 Nb4 14. Qb3 Qc5+
15. Nc4 Nbxd5 16. Nd4 O-O-O 17. Nb5 Ne4 0-1

[Event "AUTO-INT-1390"]
[Site "http://www.queenalice.com/game.php?id=623939"]
[Date "2009.7.24"]
[Round "1"]
[White "jose_scalise"]
[Black "Tachin"]
[Result "1-0"]
[WhiteElo "1742"]
[BlackElo "1294"]

1. e4 d5 2. d4 dxe4 3. f3 Qd5 4. Nc3 Qh5 5. Be2 Qg5 6. Bxg5 exf3 7. Nxf3 h6 8.
Bf4 Na6 9. O-O g5 10. Bg3 Nf6 11. Ne5 c6 12. Bxa6 bxa6 13. Nxc6 1-0

[Event "AUTO-INT-1390"]
[Site "http://www.queenalice.com/game.php?id=623940"]
[Date "2009.7.24"]
[Round "1"]
[White "Tachin"]
[Black "Corus"]
[Result "0-1"]
[WhiteElo "1233"]
[BlackElo "1693"]

1. b4 e5 2. d4 exd4 3. Qxd4 Nc6 4. Qe4+ Be7 5. b5 Nf6 6. Qa4 Ne5 7. e4 O-O 8.
Bf4 d6 9. h4 Nh5 10. g3 Nxf4 11. gxf4 Ng4 12. Nc3 Bf6 13. e5 dxe5 14. fxe5 Nxe5
15. Rd1 Bd7 16. Rh2 Re8 17. Ne4 Bxh4 18. Ng3 Nf3# 0-1

[Event "AUTO-INT-1390"]
[Site "http://www.queenalice.com/game.php?id=623941"]
[Date "2009.7.24"]
[Round "1"]
[White "Corus"]
[Black "Tachin"]
[Result "1-0"]
[WhiteElo "1694"]
[BlackElo "1335"]

1. d4 d5 2. c4 dxc4 3. Nc3 Qd6 4. e3 h5 5. Bxc4 Bg4 6. Nf3 Nf6 7. O-O Nc6 8. h3
Bf5 9. Re1 Qb4 10. Bd3 g6 11. Bxf5 gxf5 12. a3 Qd6 13. Qb3 Bh6 14. Qxb7 Rb8 15.
Qa6 f4 16. exf4 Bxf4 17. Bxf4 Qd7 18. Ne5 Rb6 19. Nxd7 Kxd7 20. Qe2 Nxd4 21.
Rad1 Rd6 22. Qxe7+ Kc6 23. Be5 Nf5 24. Bxd6 Nxe7 25. Bxe7 Nd7 26. Rc1 Rh6 27.
Ne4+ Kd5 28. Rcd1+ Kc6 29. Nc3 Re6 30. Rxe6+ fxe6 31. Ne4 Ne5 32. Nc3 Nc4 33. b3
Nb2 34. Rd2 1-0

[Event "Challenge"]
[Site "http://www.queenalice.com/game.php?id=897163"]
[Date "2011.2.7"]
[Round "-"]
[White "Tachin"]
[Black "Susana"]
[Result "0-1"]
[WhiteElo "1331"]
[BlackElo "1662"]

1. e4 e5 2. Bc4 Nf6 3. f3 Bc5 4. Nh3 d6 5. Bb5+ Bd7 6. c4 a6 7. Ba4 h6 8. b3 Bd4
9. Nc3 Nc6 10. Ba3 b5 11. cxb5 axb5 12. Bxb5 Rxa3 13. Bxc6 Bxc6 14. f4 exf4 15.
Nxf4 Nxe4 16. Qf3 Qe7 17. Ncd5 Bxd5 18. Nxd5 Ng5+ 19. Qe2 Qxe2+ 20. Kxe2 Bxa1
21. Rxa1 Ra7 22. a4 c5 23. a5 O-O 24. b4 cxb4 25. Nxb4 Rc8 26. a6 Ne4 27. g4 g5
28. Nd5 Nc5 29. Nb4 Re7+ 30. Kd1 Ra8 31. d3 Rea7 32. Ra5 Nxa6 33. Nc6 Rb7 34.
Ra1 Rc7 35. Na5 Nc5 36. d4 Ne4 37. Ke2 Rca7 38. Ke3 d5 39. h3 Rxa5 40. Rxa5 Rxa5
41. Kd3 Nf2+ 42. Kc3 Nxh3 43. Kb4 Ra8 44. Kc5 Rd8 45. Kc6 Kf8 46. Kc7 Ke7 47.
Kc6 Nf2 48. Kc5 Nxg4 49. Kc6 h5 50. Kc5 h4 51. Kb4 h3 0-1

[Event "Challenge"]
[Site "http://www.queenalice.com/game.php?id=899426"]
[Date "2011.2.12"]
[Round "-"]
[White "lala"]
[Black "Tachin"]
[Result "1-0"]
[WhiteElo "1540"]
[BlackElo "1342"]

1. d4 d5 2. e3 h5 3. g3 h4 4. gxh4 Rxh4 5. Nf3 Rh5 6. Ne5 Nc6 7. Qxh5 g6 8. Qf3
Bf5 9. Nc3 e6 10. a3 Bxc2 11. Qxf7# 1-0

[Event "Challenge"]
[Site "http://www.queenalice.com/game.php?id=917147"]
[Date "2011.3.25"]
[Round "-"]
[White "Tachin"]
[Black "tana"]
[Result "0-1"]
[WhiteElo "1331"]
[BlackElo "1889"]

1. e4 e5 2. Nc3 Nc6 3. h4 d6 4. Nd5 Nf6 5. c4 Nd4 6. d3 c6 7. Ne3 Be7 8. f3 Nh5
9. Ne2 O-O 10. Bd2 c5 11. Nd5 Nf4 12. Nexf4 Bxh4+ 0-1